000 00522nam a2200181Ia 4500
008 090123s9999 xx 000 0 und d
082 _b38711
100 _aवैद्य सुरेश
245 _aकठपुतली
250 _a1
260 _bविद्यार्थी प्रकाशन
_c2005
300 _a296
600 _aवैद्य सुरेश
630 _aकठपुतली
700 _aवैद्य सुरेश
730 _aकठपुतली
942 _cBOOK
999 _c76781
_d76781